• 首页
  • 本馆介绍
  • 公告通知
  • 最新文献
  • 馆藏检索
  • 电子资源
  • 读者导购
  • 参考咨询
  • 我的图书馆
  • 登录
  • 详细信息显示
  • 放入我的书架
  • 预约/预借图书
  • 作者相关作品
  • 分类相关作品
  • 丛书相关作品
  • 出版社相关作品

书目信息

  • 表格格式
  • 工作单格式
  • 卡片格式
题名:
2010年注册会计师考试应试指导及全真模拟测试
    
 
作者: 刘颖 编著
分册:   税法
出版信息: 北京   北京大学出版社  2010
页数: 498页
开本: 26cm
丛书名:
单 册:
中图分类: F23-44 , D922.220.4
科图分类:
主题词: 会计师--考核--解题 , 税法--中国--考核--解题 , 会计师 , 税法
电子资源:
ISBN: 978-7-301-16997-1
000 01111nam0 2200313 450
001 004698168
005 20110224091237.89
010    @a978-7-301-16997-1@dCNY48.00
035    @a004698168
100    @a20100723d2010 em y0chiy0110 ea
101 0  @achi
102    @aCN@b110000
105    @ay zq 000yy
106    @ar
200 1  @a2010年注册会计师考试应试指导及全真模拟测试@92010 nian zhu ce kuai ji shi kao shi ying shi zhi dao ji quan zhen mo ni ce shi@i税法@f刘颖编著
210    @a北京@c北京大学出版社@d2010
215    @a498页@d26cm
300    @a注册会计师全国统一考试辅导用书 2010年注册会计师考试轻松过关系列之一
304    @a东奥会计在线组编
330    @a本书分为命题规律总结及趋势预测和同步辅导及强化训练两部分,内容包括:税法概论、增值税法、消费税法、印花税和契税法、企业所得税法、个人所得税法等。
606 0  @a会计师@x考核@x解题
606 0  @a税法@y中国@x考核@x解题
606 0  @a会计师
606 0  @a税法
690    @aF23-44@v4
690    @aD922.220.4@v4
701  0 @a刘颖@9liu ying@c(税法)@4编著
801  0 @aCN@bNLC@c20110224
905    @b205998018-045@h599801-04@dF23-44@e391@f4
    
    2010年注册会计师考试应试指导及全真模拟测试.税法/刘颖编著.-北京:北京大学出版社,2010
    498页;26cm
    注册会计师全国统一考试辅导用书 2010年注册会计师考试轻松过关系列之一
    
    ISBN 978-7-301-16997-1:CNY48.00
    本书分为命题规律总结及趋势预测和同步辅导及强化训练两部分,内容包括:税法概论、增值税法、消费税法、印花税和契税法、企业所得税法、个人所得税法等。
●
相关链接 在E读中查询图书 在五车中查询图书 在当当中查询图书 在豆瓣中查询图书


正题名:2010年注册会计师考试应试指导及全真模拟测试     索取号:F23-44/391         预约/预借

序号 登录号 条形码 馆藏地/架位号 状态 备注
1 599801   205998018   第一样本阅览室/ [索取号:F23-44/391] 在馆    
2 599802   205998027   第一借阅区/ [索取号:F23-44/391] 在馆    
3 599803   205998036   第一借阅区/ [索取号:F23-44/391] 在馆    
4 599804   205998045   第一借阅区/ [索取号:F23-44/391] 在馆    
唐山师范学院图书馆 欢迎您!
大连网信软件有限公司© 版权所有